000 00888nam a2200253Ia 4500
003 OSt
005 20221005112645.0
006 a|||||r|||| 00| 0
007 ta
008 221004b |||||||| |||| 00| 0 pan d
020 _a9789383716074 (hbk)
_cIndian Rupees 230
024 _a38638
037 _bGift, 16/07/2018,
_cTextual
040 _aCRL
_cCRL
_bpan
041 _2pan
_apan
082 _aO153:g, Q4
100 _aਤਸਨੀਮ, ਨਰਿੰਜਨ, ਂਚ.
245 0 _aਸਾਹਿਤਕਾਰੀ ਅਤੇ ਸਾਹਿਤਕ ਪਰਿਪੇਖ
260 _aਜਲੰਧਰ
_bਪਰਵਾਗ਼ ਪ੍ਰਕਾFਨ ਭਾਰਤ
_c2014
300 _a160ਪ੍ਰ0
_ccm.
650 _aਪੰਜਾਬੀ ਸਾਹਿਤ
942 _hO153:g, Q4
_cTEXL
_2cc
999 _c1025558
_d1025558